| 000 | 00602nam a22002057a 4500 | ||
|---|---|---|---|
| 999 |
_c16527 _d16527 |
||
| 003 | AR-CdUCM | ||
| 008 | 190503b ||||| |||| 00| 0 spa d | ||
| 040 |
_aMUNICIPALIDAD PROVINCIAL DEL CUSCO _cBIBLIOTECA MUNICIPAL DEL CUSCO |
||
| 082 |
_a372 / _bJ89 |
||
| 100 |
_aJung, C. G. _935447 |
||
| 245 | _aPsicología y educación / | ||
| 260 |
_aBuenos Aires : _bPaidós, _c1961. |
||
| 300 |
_a108 páginas ; _c18 cm. |
||
| 505 | _aPedagogía y educación... | ||
| 650 |
_aPedagogía. _91560 |
||
| 650 |
_aEducación. _9460 |
||
| 856 | _fRapela, Pedro (prologo) | ||
| 942 |
_2ddc _cLIBROS |
||
| 945 | _awfj | ||